[Event "Istanbul op-B"]
[Site "Istanbul"]
[Date "2018.09.03"]
[Round "3"]
[White "Cibik, Huseyin Bora"]
[Black "Akdas, Emre"]
[Result "1/2-1/2"]
[WhiteElo "1666"]
[BlackElo "1684"]
[PlyCount "55"]
[EventDate "2018.09.02"]
[EventType "swiss"]
[EventRounds "9"]
[EventCountry "TUR"]
[SourceTitle "CBM 186 Extra"]
[Source "ChessBase"]
[SourceDate "2018.08.24"]
[SourceVersion "1"]
[SourceVersionDate "2018.08.24"]
[SourceQuality "1"]

1. d4 f5 2. Nf3 Nf6 3. Bg5 e6 4. e3 d5 5. Bd3 Be7 6. Nbd2 Ne4 7. Bxe7 Qxe7 8. Ne5 0-0 9. Qe2 Nd7 10. Ndf3 c5 11. c3 cxd4 12. exd4 Nxe5 13. Nxe5 Qg5 14. Bxe4 fxe4 15. Qg4 Qf5 16. 0-0 b6 17. Qg3 Ba6 18. Rfe1 Qf4 19. f3 exf3 20. Qxf4 Rxf4 21. Nxf3 Re8 22. Re3 Rf6 23. Rae1 Re7 24. h3 Bb5 25. Ne5 Rf3 26. Nxf3 Bd3 27. Ne5 Be4 28. Rf1 1/2-1/2